=LDR 00000nam 2200000 4500 =001 INLIS000000000041484 =990 ##$$a 21001788 =005 20220324091608 =990 ##$$a 21001785 =035 ##$$a 0010-061300000041484 =990 ##$$a 21400613/BPAP-NTB/20142014 =008 220324################g##########0#ind## =041 ##$$a ind =082 ##$$a 808.51 =090 ##$$a 808.51bSup m.1 =100 ##$$a Supriyatmoko, Irawan =245 1#$$a Mastering Public Speaking, : $b Teknik Praktis Berbicara di Depan Umum,, /$c Irawan Supriyatmoko =260 ##$$a Yogyakarta :$b Univ. Atamajaya,$c 2010 =300 ##$$a v, 122 hlm ; $c 19 cm =850 ##$$a NBPNMAT =020 ##$$a 978-979-1317-71-9 =084 ##$$a 808.51 SUP m =990 ##$$a 21001785 =990 ##$$a 21400613/BPAP-NTB/20142014 =990 ##$$a 11121112 =990 ##$$a 21001788 =990 ##$$a 21001785 =990 ##$$a 21400613/BPAP-NTB/20142014